Statistieken voor Coen (Ft. bloedrode kniptor) zijn algemene kennisquiz #2

Klik hier om de quiz te nemen!

Algemene statistieken

  • Deze quiz is 7 keer genomen
  • De gemiddelde score is 11 van 20

Antwoordstatistieken

HintAntwoord% Correct
Waar is e^iπ gelijk aan-1
100%
Noem een land dat grenst aan Tadzjikistan.China/Oezbekistan/Afghanistan/Kirgizië
100%
Waar staat E.H.B.O voor?eerste hulp bij ongevallen
100%
Van welke twee nederlandse namen zijn de Yankees voortgekomenJan en Kees
100%
In welk continent ligt Kiribati?Oceanië
100%
Noem de eerste 5 decimalen van π?14159
80%
Hoeveel dagen duurt een jaar precies?365,25 dagen
80%
Hoe noemt met een woord dat achterstevoren gespeld hetzelfde woord is, bijvoorbeeld Reinier is achterstevoren ook Reinier.Palindroom
80%
Hoeveel lettergrepen heeft "pseudo-intellectuelen"?8 lettergrepen
40%
waar ben je bang voor als je cryofobie hebt?ijs of kou
40%
Hoe heet het uiteinde van een schoenveter? (het harde gedeelte)malie/nestel/aglet/veterstift
40%
Wie ontdekte de stof radium?Marie Curie
40%
Welke kleur krijg je als je cyaan en magenta mixt?paars
40%
Wat is de valversnelling op de maan?1,62 m/s²
20%
Hoeveel oplossingen heeft een Rubik's cube ongeveer?43 quintillioen
20%
Wat is de wapenspreuk van Nederland die op ieder Nederlands paspoort te vinden is?Je maintiendrai
20%
Hoe heet het verschijnsel dat een waarnemer iets dat hem eigenlijk bekend zou moeten voorkomen als volkomen vreemd ervaart?jemais vu
20%
Op welk automerk staat een stier?Lamborghini
20%
Hoe heet het verschijnsel dat iets op het puntje van je tong ligt?presque vu
20%
Hoe noemt men in de wetenschap iemand met een seksverslaving?nymfomaan
0%

Scoreverdeling

Percentiel versus Aantal Correcte Antwoorden

Procent van Mensen met Elke Score

Uw Scoregeschiedenis

U heeft deze quiz nog niet genomen